000 01656cam a22004334i 4500
003 PE-LiUPU
005 20250731165531.0
008 150623s1968 as r 000 0 spa d
035 _a(Sirsi) a29632
040 _aPE-LiUPU
_bspa
_cPE-LiUPU
_erda
082 0 4 _a284.2
_bC18
_221
100 1 _aCalvino, Juan,
_eautor.
245 1 0 _aInstitución de la religión cristiana.
_n1 /
_cJuan Calvino.
264 1 _aRijswijk, Paises Bajos :
_bFundación Editorial de Literatura Reformada,
_c1968.
300 _a622 páginas ;
_c23 centímetros
336 _atext
_2rdacontent
337 _aunmediated
_2rdamedia
338 _avolume
_2rdacarrier
505 0 _aDel conocimiento de Dios en cuanto es creador y supremo gobernador de todo el mundo (3 al 150 p.). -Del conocimiento de Dios como redentor en Cristo, conocimiento que primeramente fue manifestado a los patriarcas bajo ls ley después a nosotros en el evangelio (161 al 392 p.).
526 _aSEG44
526 _aSEG26
526 _aP151
526 _aP150
526 _aP149
526 _aP146
526 _aP145
526 _aP126
526 _aP125
526 _aP92
526 _aP75
526 _aP74
526 _aP27
526 _aP15
942 _2ddc
_cBOOK
949 _aRC 284.2 C18 1
_wDEWEY
_c1
_i16249
_lCCODEBUL1
_mBUL
_p18.00
_r0
_sY
_tBOOK
_u2015-06-24
_xTEOLOGIA
_PP35
_0COMPRA
_o.STAFF. Colección Teología
596 _a1
999 _aRC 284.2 C18 1
_wDEWEY
_c37010
_i16249
_d37010
_e2016-11-15
_f2021-11-11
_g5
_lCCODEBUL1
_mBUL
_n4
_p18.00
_q2
_r0
_sY
_tBOOK
_u2015-6-24
_xTEOLOGIA
_PP35
_0COMPRA
_o.STAFF. Colección Teología
980 _81
_gALBERTO SANCHEZ Responsable de Automatización